000 00453cam a2200181ua 4500
020 _c72.00
041 _aeng
_h
082 _a532.54
_bSUB/FL
100 _aSubramanya, K .
245 _aFlow in open channels /
_cK Subramanya.
_hTextual Documents
250 _a1 /
_b.
260 _aNew Delhi :
_bTata Mc-Graw Hill Publishing Company ,
_c1990.
300 _a380 ; .
365 _a72.00
504 _a
942 _cBK
999 _c7476
_d7476